| Tag |
First Indicator |
Second Indicator |
Subfields |
| LEADER |
00000cam a2200000 a 4500 |
| 001 |
in00001410188 |
| 005 |
20151020060916.0 |
| 008 |
970530s1997 enk b 001 0 eng |
| 010 |
|
|
|a 97013316
|
| 020 |
|
|
|a 1856494217
|
| 020 |
|
|
|a 1856494225 (pbk.)
|
| 035 |
|
|
|a (OCoLC)37024750
|
| 035 |
|
|
|9 AHN8156AM
|
| 040 |
|
|
|a DLC
|c DLC
|d C#P
|d TXA
|d UtOrBLW
|
| 043 |
|
|
|a e------
|
| 049 |
|
|
|a TXAM
|
| 050 |
0 |
0 |
|a HM276
|b .P63 1997
|
| 082 |
0 |
0 |
|a 305.8/0094
|2 21
|
| 245 |
0 |
4 |
|a The politics of multiculturalism in the new Europe :
|b racism, identity, and community /
|c edited by Tariq Modood and Pnina Werbner.
|
| 264 |
|
1 |
|a London ;
|a New York :
|b Zed Books,
|c [1997]
|
| 264 |
|
4 |
|c ©1997
|
| 300 |
|
|
|a xii, 276 pages ;
|c 23 cm.
|
| 336 |
|
|
|a text
|b txt
|2 rdacontent
|
| 337 |
|
|
|a unmediated
|b n
|2 rdamedia
|
| 338 |
|
|
|a volume
|b nc
|2 rdacarrier
|
| 490 |
1 |
|
|a Postcolonial encounters
|
| 504 |
|
|
|a Includes bibliographical references and index.
|
| 650 |
|
0 |
|a Multiculturalism
|z Europe.
|
| 650 |
|
0 |
|a Racism
|x Political aspects
|z Europe.
|
| 650 |
|
0 |
|a Ethnicity
|x Political aspects
|z Europe.
|
| 650 |
|
0 |
|a Communication and culture
|z Europe.
|
| 651 |
|
0 |
|a Europe
|x Race relations.
|
| 700 |
1 |
|
|a Modood, Tariq.
|
| 700 |
1 |
|
|a Werbner, Pnina.
|
| 830 |
|
0 |
|a Postcolonial encounters.
|
| 948 |
|
|
|a c:ktn
|d 20041105
|
| 999 |
|
|
|a MARS
|
| 999 |
f |
f |
|s d013b199-f9e5-36f7-b24f-c0f65be82ede
|i e67c9599-521e-3c62-b780-485c111b5c64
|t 0
|
| 952 |
f |
f |
|p ric
|a Texas A&M University
|b Rellis Campus
|c Joint Library Facility
|d Remote Storage
|t 0
|e HM276 .P63 1997
|h Library of Congress classification
|i unmediated -- volume
|m A14822142435
|
| 998 |
f |
f |
|a HM276 .P63 1997
|t 0
|l Remote Storage
|